00729nam a22002417a 450000500170000000800410001701000140005802000260007203500130009803700130011104000130012408200120013710000190014924501070016826000300027527000770030530000240038265000180040665000190042465000190044365000120046265000130047420100610121354.0100610t xxu||||| |||| 00| 0 eng d aENG-96325 a9789380283579c200.00 aEN-79858 bDBAD/PUB aDPLbEng a649.122 aBurford, Vicky aThe greatest baby and toddler :btips in the world /cby Vicky Burford illustrated by Peter Bellingham aNew DelhibWestlandc2009 aF-5, Okhla Industrial Area, Phase-I, Mezzanine Floor,bNew Delhie110020 a154p.c22 cm. (Pbk) aChild rearing aInfants - Care aToddler - care aInfants aTooddler